00225 a2200121 4500001000700000020001800007040001100025100002400036240001600060245001100076300000700087362000900094182271 a85-900333-1-7 cMagnum aPrates, Luiz Carlos10aUm riolpor10aUm rio a560 a1997